Z konferencie K otázkam sociálnej ochrany rodín v podmienkach sociálnej sféry Stará Lesná 8.- 12. 6. 1997

V júni 1997 sa v Starej Lesnej konala medzinárodná konferencia zameraná na otázky sociálnej ochrany rodín v podmienkach transformácie sociálnej sféry. Stručný syntetický prehľad z priebehu diskusií. Hlavné dôrazy v sociálnej a rodinnej politike jednotlivých krajín (SRN). Výber niektorých spoločných...

Descrizione completa

Salvato in:
Dettagli Bibliografici
Autore principale: Lenczová, T.
Natura: Capitolo di libro
Lingua:slovacco
Soggetti:
Tags: Aggiungi Tag
Nessun Tag, puoi essere il primo ad aggiungerne!!

MARC

LEADER 00000naa a2200000 4500
001 r027386
005 20230807092948.9
041 0 |a slo 
044 |a SK 
245 1 0 |a Z konferencie K otázkam sociálnej ochrany rodín v podmienkach sociálnej sféry  |b Stará Lesná 8.- 12. 6. 1997  |c T. Lenczová 
520 |a V júni 1997 sa v Starej Lesnej konala medzinárodná konferencia zameraná na otázky sociálnej ochrany rodín v podmienkach transformácie sociálnej sféry. Stručný syntetický prehľad z priebehu diskusií. Hlavné dôrazy v sociálnej a rodinnej politike jednotlivých krajín (SRN). Výber niektorých spoločných a rozdielnych prístupov k riešeniu sociálnych problémov. Štátna sociálna podpora rodiny. Sociálnoprávna ochrana. Sociálne služby, sociálna pomoc. 
610 2 0 |a konferencie 
610 2 0 |a Stará Lesná 
610 2 0 |a jún 
610 2 0 |a 1997 
610 2 0 |a ochrana sociálna 
610 2 0 |a rodina 
610 2 0 |a politika sociálna 
610 2 0 |a transformácia 
610 2 0 |a Slovensko 
610 2 0 |a Nemecko 
610 2 0 |a služby sociálne 
610 2 0 |a pomoc sociálna 
100 1 |a Lenczová, T.